| Tag |
First Indicator |
Second Indicator |
Subfields |
| LEADER |
00000pam a2200000 a 4500 |
| 001 |
in00000554608 |
| 005 |
20151014051919.0 |
| 008 |
831130s1985 enkaf bs 00110 eng |
| 010 |
|
|
|a 83025617
|
| 020 |
|
|
|a 0582301440 (pbk.) :
|c 7.95
|
| 035 |
|
|
|a (OCoLC)10230950
|
| 035 |
|
|
|9 ACJ6735AM
|
| 040 |
|
|
|a DLC
|c DLC
|d TXA
|d UtOrBLW
|
| 043 |
|
|
|a a-cc---
|
| 049 |
|
|
|a TXAM
|c [A08282687]
|
| 050 |
0 |
0 |
|a HN740.Z9
|b C64 1985
|
| 082 |
0 |
|
|a 307.7/2/0951
|2 19
|
| 100 |
1 |
|
|a Leeming, Frank.
|
| 245 |
1 |
0 |
|a Rural China today /
|c Frank Leeming.
|
| 264 |
|
1 |
|a London ;
|a New York :
|b Longman,
|c 1985.
|
| 300 |
|
|
|a xii, 201 pages, 8 unnumbered pages of plates :
|b illustrations ;
|c 25 cm.
|
| 336 |
|
|
|a text
|b txt
|2 rdacontent
|
| 337 |
|
|
|a unmediated
|b n
|2 rdamedia
|
| 338 |
|
|
|a volume
|b nc
|2 rdacarrier
|
| 500 |
|
|
|a Includes index.
|
| 504 |
|
|
|a Bibliography: pages 187-195.
|
| 536 |
|
|
|a From the library of Dr. James H. Copp, February 2004.
|
| 650 |
|
0 |
|a Rural development
|z China.
|
| 650 |
|
0 |
|a Regional planning
|z China.
|
| 651 |
|
0 |
|a China
|x Rural conditions.
|
| 948 |
|
|
|a cataloged
|b h
|c 2004/6/3
|d c
|e jlanham
|f 8:51:36 am
|
| 999 |
|
|
|a MARS
|
| 999 |
f |
f |
|s 0d82ac87-7153-3c29-9a94-36327a01f7a4
|i 87de6090-72f5-3366-9fb6-cceaaf2f5553
|t 0
|
| 952 |
f |
f |
|p ric
|a Texas A&M University
|b Rellis Campus
|c Joint Library Facility
|d Remote Storage
|t 0
|e HN740.Z9 C64 1985
|h Library of Congress classification
|i unmediated -- volume
|m A14808282687
|
| 998 |
f |
f |
|a HN740.Z9 C64 1985
|t 0
|l Remote Storage
|